Las 5 áreas urbanas más pobladas por continente - Estadísticas

Estadísticas generales
  • Esta prueba ha sido intentada 3.566 veces
    2.090 desde el último reinicio
  • La puntuación promedio es 20 de 30
Estadísticas de respuestas
Continente Ciudad % Correcto
Europa París
95%
Europa Londres
94%
Europa Madrid
93%
América del Sur Buenos Aires
90%
América del Norte Nueva York
90%
Europa Moscú
88%
Oceanía Sídney
88%
Asia Tokio
87%
América del Sur Río de Janeiro
84%
América del Norte Los Ángeles
82%
América del Norte Ciudad de México
81%
América del Sur Bogotá
78%
América del Sur São Paulo
76%
África El Cairo
75%
América del Sur Lima
69%
América del Norte Chicago
60%
Oceanía Melbourne
59%
Europa Estambul
57%
África Johannesburgo
57%
África Lagos
57%
Asia Delhi
50%
Asia Shanghái
48%
América del Norte Washington D.C.
47%
Oceanía Perth
44%
Oceanía Auckland
41%
África Kinsasa
41%
Asia Yakarta
41%
Asia Cantón
40%
Oceanía Brisbane
34%
África Luanda
20%
No se encontraron pruebas coincidentes
Distribución de puntuación
Porcentaje de gente con cada puntuación
Porcentaje por número respondido
Historial de tus puntuaciones
No has intentado esta prueba desde el último reinicio